Normal view
MARC view
- Steinbart, Paul John
Entry Personal Name
001 - CONTROL NUMBER
- control field: 16168
003 - CONTROL NUMBER IDENTIFIER
- control field: ByWater
005 - DATE AND TIME OF LATEST TRANSACTION
- control field: 20180211093755.0
008 - FIXED-LENGTH DATA ELEMENTS
- fixed length control field: 180211|| aca||aabn | a|a d
040 ## - CATALOGING SOURCE
- Original cataloging agency: ByWater
- Transcribing agency: ByWater
100 ## - HEADING--PERSONAL NAME
- Personal name: Steinbart, Paul John
670 ## - SOURCE DATA FOUND
- Source citation: Work cat.: (ByWater)33613: Romney, Marshall B. 15115, Accounting information systems, 2017.